000 00369 a2200097 4500
245 0 0 _aMateriały elektroizolacyjne - Sprawdzenie wskaźnika temperaturowego tkanin nasyconych PN-75/E-04444 /
_cInstytut Elektrotechniki.
246 1 3 _aPN-75/E-04444
246 1 3 _a677.865.621.315.614.73
260 _aWarszawa :
_bInstytut Elektrotechniki,
_c1975.
300 _a6 stron ;
_c30 cm.
650 _aPolska norma
999 _c20481
_d20481